El racismo y la lucha contra el mundo actual

Bibliographic Details
Main Author: Investigaciones etnograficas soviéticas
Format: Section = Libro
Language:Undetermined
Spanish
Published: Moscú [s.e.] 1983
Edition:2a ed.
Subjects:
LEADER 00535nam a2200205Ia 4500
008 240830s9999 xx 000 0 und d
040 |a B-ESTELÍ- RUACS / 305.8 I62 
041 |a spa 
082 |a 305.8 I62 
100 1 |a Investigaciones etnograficas soviéticas 
245 1 0 |a El racismo y la lucha contra el mundo actual 
250 |a 2a ed. 
260 |a Moscú  |b [s.e.]  |c 1983 
300 |a 223 p. 
650 7 |a RACISMO 
650 7 |b  RELIGIÓN 
650 7 |c  DISCRIMINACIÓN RACIAL 
942 |c BK  |2 ddc 
991 |a TEXTO 
999 |c 10670